[Event "FRA-ch op-B"]
[Site "Aix les Bains"]
[Date "2007.08.18"]
[Round "5"]
[White "Miras, Christophe"]
[Black "Robert Dehault, Etienne"]
[Result "1/2-1/2"]
[WhiteElo "1871"]
[BlackElo "1950"]
[PlyCount "81"]
[EventDate "2007.08.13"]
[EventType "swiss"]
[EventRounds "11"]
[EventCountry "FRA"]
[SourceTitle "CBM 120 Extra"]
[Source "ChessBase"]
[SourceDate "2007.11.01"]
[SourceVersion "1"]
[SourceVersionDate "2007.11.01"]
[SourceQuality "1"]

1. d4 Nf6 2. Nf3 e6 3. e3 b6 4. Bd3 Bb7 5. 0-0 Be7 6. c4 0-0 7. b3 Ne4 8. Qc2 f5 9. Nfd2 Nxd2 10. Nxd2 Bd6 11. e4 Qg5 12. Nf3 Qg6 13. Re1 Na6 14. a3 Qh5 15. Qe2 h6 16. e5 Be7 17. Nd2 Qxe2 18. Bxe2 c5 19. Bf3 Bxf3 20. Nxf3 cxd4 21. Nxd4 Nc5 22. Rd1 Rac8 23. Be3 f4 24. Bc1 d6 25. exd6 Bf6 26. Rb1 Rfd8 27. Ne2 g5 28. a4 Rc6 29. d7 Rxd7 30. Rxd7 Nxd7 31. Ba3 Nc5 32. Bxc5 Rxc5 33. Rd1 Rc7 34. f3 Kf7 35. Kf1 Ke7 36. Ng1 Rd7 37. Ke2 Rxd1 38. Kxd1 Kd6 39. Kc2 Kc5 40. Ne2 Bg7 41. h3 1/2-1/2